Numerical analysis / (Record no. 2218)
[ view plain ]
| 000 -LEADER | |
|---|---|
| fixed length control field | 00568cam a2200229ua 4500 |
| 020 ## - INTERNATIONAL STANDARD BOOK NUMBER | |
| ISBN | 81-224-0954-7 |
| 041 ## - LANGUAGE CODE | |
| Language code of text/sound track or separate title | eng |
| 082 ## - DEWEY DECIMAL CLASSIFICATION NUMBER | |
| Classification number | 515 |
| Item number | SHA/NU |
| 100 ## - MAIN ENTRY--AUTHOR NAME | |
| Personal name | Shanker Rao , G . |
| 245 ## - TITLE STATEMENT | |
| Title | Numerical analysis / |
| 250 ## - EDITION STATEMENT | |
| Edition statement | / |
| 260 ## - PUBLICATION, DISTRIBUTION, ETC. (IMPRINT) | |
| Place of publication | Culcutta : |
| Name of publisher | New Age International Ltd , |
| Year of publication | 1997. |
| 300 ## - PHYSICAL DESCRIPTION | |
| Number of Pages | 256 ; . |
| 500 ## - GENERAL NOTE | |
| General note | 20307, 20211, 20210 CSS |
| 942 ## - ADDED ENTRY ELEMENTS (KOHA) | |
| Koha item type | Books |
| Withdrawn status | Lost status | Damaged status | Home library | Current library | Date acquired | Full call number | Accession Number | Koha item type |
|---|---|---|---|---|---|---|---|---|
| KAUAET | 07/04/2012 | 515 | 20307 | Books | ||||
| KAUAET | 07/04/2012 | 515 | 20210 | Books | ||||
| KAUAET | KAUAET | 07/04/2012 | 515 | 19938 | Books | |||
| KAUAET | KAUAET | 07/04/2012 | 515 | 20211 | Books |
